Unsettling the christian church (Registro nro. 55606)
[ vista simple ]
| 000 -LÍDER | |
|---|---|
| Campo fijo de descripción fija | 01165aab a2200241 i 4500 |
| 001 - NÚMERO DE CONTROL | |
| Campo de control | 768714001 |
| 003 - IDENTIFICADOR DEL NÚMERO DE CONTROL | |
| Campo de control | CO-MdFUSB |
| 005 - FECHA Y HORA DE LA ULTIMA TRANSACCIÓN | |
| control field | 20240711170750.0 |
| 008 - ELEMENTOS DE LONGITUD FIJA -- INFORMACIÓN GENERAL | |
| Campo fijo de descripción fija -- Información general | 240711t2001 sz ||||| |||| 00| 0 eng d |
| 040 ## - FUENTE DE CATALOGACIÓN | |
| Idioma de catalogación | spa |
| Agencia que realiza la transcripción | CO-MdFUSB |
| 041 ## - CÓDIGO DE IDIOMA | |
| Código de idioma para texto/pista de sonido o título separado | eng |
| 100 1# - ASIENTO PRINCIPAL--NOMBRE PERSONAL | |
| Nombre personal | Dube, Musa W. (1964- ) |
| Término relacionador | autor |
| 245 ## - TÍTULO | |
| Título | Unsettling the christian church |
| Mención de responsabilidad | / Musa W. Dube |
| 520 ## - NOTA DE RESUMEN, ETC. | |
| Nota de sumario, etc. | La invitación es a intentar escuchar nuevamente el mensaje de arrepentimiento como un mensaje que es apropiado para todos, un mensaje que debería unir a la iglesia en lugar de dividirla en la lucha contra el VIH/SIDA. El autor presenta tres imágenes: Juan el Bautista, predicando en el desierto; El duro sermón de Jesús en Mateo 23, y la imagen de su progenitora, madre de trece hijos, a quienes inmediatamente relacionó con la voz quejumbrosa de Raquel. |
| 546 ## - NOTA DE IDIOMA | |
| Nota de idioma | Texto en inglés. |
| 650 #7 - ASIENTO SECUNDARIO DE MATERIA - TERMINO TEMÁTICO | |
| Término temático o nombre geográfico como elemento de entrada | Iglesia |
| 9 (RLIN) | 655 |
| 650 #7 - ASIENTO SECUNDARIO DE MATERIA - TERMINO TEMÁTICO | |
| Término temático o nombre geográfico como elemento de entrada | Cristianismo |
| 9 (RLIN) | 22 |
| 650 #0 - ASIENTO SECUNDARIO DE MATERIA - TERMINO TEMÁTICO | |
| Término temático o nombre geográfico como elemento de entrada | Conversión |
| 9 (RLIN) | 950 |
| 653 ## - TÉRMINO DE INDIZACIÓN - NO CONTROLADO | |
| Término no controlado | VIH / SIDA |
| 773 0# - ASIENTO DE ITEM FUENTE | |
| Título | Reformed World |
| Biblionumber | 49396 |
| Itemnumber | 59515 |
| Parte(s) relacionada(s) / Volumen., número. (mes año), páginas | Volumen 51, (número 4, 2001) páginas: 165 - 175 |
| Enumeración y primera página | página: 165 |
| 942 ## - TIPO DE MATERIAL (KOHA) | |
| Tipo de Item KOHA | Artículos de Revista |
| 945 ## - INFORMACIÓN LOCAL DEL REGISTRO | |
| Catalogador | Catherine Arias Álvarez - Practicante SENA |
No hay ítems disponibles.
